Nicaragua: reactivación económica
El artículo comenta los planes de reactivación económica del gobierno revolucionario y que contempla: mejoramiento del nivel de vida del pueblo, una inversión pública de 374 millones de dólares y 47 millones de inversiones privadas, la generación de 90 mil nuevos empleos, disminución de la inflación...
Guardat en:
| Format: | Text |
|---|---|
| Idioma: | Spanish |
| Matèries: | |
| Etiquetes: |
Afegir etiqueta
Sense etiquetes, Sigues el primer a etiquetar aquest registre!
|
MARC
| LEADER | 00000 a a2200000 04500 | ||
|---|---|---|---|
| 001 | 299 | ||
| 003 | cru CIDCACS/IIS | ||
| 005 | 20191111101115.0 | ||
| 008 | 191001b ||||| |||| 00| 0 spa d | ||
| 999 | |c 22448 |d 22448 | ||
| 040 | |c cru CIDCACS/IIS | ||
| 245 | |a Nicaragua: |b reactivación económica | ||
| 520 | |a El artículo comenta los planes de reactivación económica del gobierno revolucionario y que contempla: mejoramiento del nivel de vida del pueblo, una inversión pública de 374 millones de dólares y 47 millones de inversiones privadas, la generación de 90 mil nuevos empleos, disminución de la inflación, producción de la mayor parte de los granos básicos y aumentar el producto interno bruto. LOB/mb | ||
| 650 | |a CONDICIONES ECONOMICAS | ||
| 650 | |a SOCIALIZACION | ||
| 650 | |a REVOLUCION | ||
| 650 | |a NIVEL DE VIDA | ||
| 650 | |a INVERSIONES PUBLICAS | ||
| 650 | |a INVERSIONES PRIVADAS | ||
| 650 | |a EMPLEADOS | ||
| 650 | |a INFLACION | ||
| 650 | |a GRANOS | ||
| 650 | |a PRODUCTO INTERNO BRUTO | ||
| 773 | |g número 2; páginas 13-14 | ||
| 942 | |2 ddc |c PP | ||
| 773 | 0 | |0 42391 |9 3754 |a Agencia Latinoamericana de Información, ALAI |d Quito, Ecuador: ALAI |o 03806 |t ALAI: |x 08275564 (Servicio mensual de información y documentación) | |
